Elements of power system analysis (Record no. 7983)

000 -LEADER
fixed length control field 00512nam a22001937a 4500
001 - CONTROL NUMBER
control field 7983
003 - CONTROL NUMBER IDENTIFIER
control field BD-DhUET
008 - FIXED-LENGTH DATA ELEMENTS--GENERAL INFORMATION
fixed length control field 150103b xxu||||| |||| 00| 0 eng d
040 ## - CATALOGING SOURCE
Transcribing agency 0
Modifying agency BD-DhUET
082 ## - DEWEY DECIMAL CLASSIFICATION NUMBER
Classification number 623.12
Item number STE/1962
100 ## - MAIN ENTRY--PERSONAL NAME
Personal name Stevenson, William D.
245 ## - TITLE STATEMENT
Title Elements of power system analysis
250 ## - EDITION STATEMENT
Edition statement 2nd ed.
260 ## - PUBLICATION, DISTRIBUTION, ETC. (IMPRINT)
Place of publication, distribution, etc. New York
Name of publisher, distributor, etc. McGraw Hill
Date of publication, distribution, etc. 1962
300 ## - PHYSICAL DESCRIPTION
Extent xii,388p.
Other physical details ill.
490 ## - SERIES STATEMENT
Series statement McGraw-Hill series in electrical engineering
650 #0 - SUBJECT ADDED ENTRY--TOPICAL TERM
Topical term or geographic name as entry element Electric power systems
942 ## - ADDED ENTRY ELEMENTS (KOHA)
Koha item type General Book
Holdings
Koha item type Not for loan Lost status Date acquired Piece designation (barcode) Koha issues (times borrowed) Shelving location Copy number Withdrawn status Koha full call number Koha date last borrowed Location (home branch) Sublocation or collection (holding branch) Damaged status Source of classification or shelving scheme Price effective from Koha normalized classification for sorting Koha date last seen
General Book  2015-01-03592911Circulation section1 623.12/STE/19622015-01-03Central Library, BUETCentral Library, BUET  2015-01-03623_120000000000000_STE_19622015-02-15
General Book  2015-05-039964 Circulation section2 623.12/STE/1962 Central Library, BUETCentral Library, BUET  2015-05-03623_120000000000000_STE_19622015-05-03
General Book  2015-05-0324509 Circulation section3 623.12/STE/1962 Central Library, BUETCentral Library, BUET  2015-05-03623_120000000000000_STE_19622015-05-03
General Book  2015-05-031492 Circulation section4 623.12/STE/1962 Central Library, BUETCentral Library, BUET  2015-05-03623_120000000000000_STE_19622015-05-03
General Book  2015-05-0311276 Circulation section5 623.12/STE/1962 Central Library, BUETCentral Library, BUET  2015-05-03623_120000000000000_STE_19622015-05-03
General Book  2015-05-0316357 Circulation section6 623.12/STE/1962 Central Library, BUETCentral Library, BUET  2015-05-03623_120000000000000_STE_19622015-05-03
Reading Item  2015-06-2539966 Reading section7 623.12/STE/1962 Central Library, BUETCentral Library, BUET  2015-06-25623_120000000000000_STE_19622015-06-25
Reading Item  2015-06-2839964 Reading section8 623.12/STE/1962 Central Library, BUETCentral Library, BUET  2015-06-28623_120000000000000_STE_19622015-06-28
Reading Item  2015-06-2839965 Reading section9 623.12/STE/1962 Central Library, BUETCentral Library, BUET  2015-06-28623_120000000000000_STE_19622015-06-28
Reading Item  2015-06-2839962 Reading section10 623.12/STE/1962 Central Library, BUETCentral Library, BUET  2015-06-28623_120000000000000_STE_19622015-06-28